Sports Quiz

Random Sports Quiz
Score 0/10 Timer 05:00
0 Plays Today
% Correct
Jerrell
67%
6'5'
58.8%
rookie of the year
44.1%
13
39.9%
May 11, 1989
30.3%
3
27.9%
1
24.2%
Westlake
23.7%
Savannah, GA
10.4%
Most rushing touchdowns by a quarterback in a single season
4.3%
Remove Ads.
Support Sporcle.
Get the best of Sporcle when you Go Orange. This ad-free experience offers more features, more stats, and more fun while also helping to support Sporcle. Thank you for becoming a member.

You're not logged in!

Compare scores with friends on all Sporcle quizzes.
OR
Log In

You Might Also Like...

Show Comments

Extras

Created Jul 9, 2012ReportNominate
Tags:cam, Newton

Top Quizzes Today


Score Distribution

Your Account Isn't Verified!

In order to create a playlist on Sporcle, you need to verify the email address you used during registration. Go to your Sporcle Settings to finish the process.

Report this User

Report this user for behavior that violates our Community Guidelines.

Details: